| 000 | 00539cam a2200193 a 4500 | ||
|---|---|---|---|
| 001 | 000009084 | ||
| 005 | 20200929161501.0 | ||
| 008 | 050607s19uu xx 000 0 spa | ||
| 040 |
_aDO-SdBNP _bspa _cLC _bBNPHU |
||
| 082 |
_aA863.42 _bC215ó |
||
| 100 | 1 |
_aCanclini, Arnoldo. _923732 |
|
| 245 | 1 | 0 |
_aOnésimo / _cArnoldo Canclini. |
| 260 |
_a[s.n.] : _bMoody, _c19??. |
||
| 300 |
_a192 p. ; _c19 cm. |
||
| 650 | 4 |
_aNovela argentina _93941 |
|
| 650 | 4 |
_aLiteratura argentina _93860 |
|
| 910 | _aCatalogación por copia / LC | ||
| 049 | _aBNGR | ||
| 999 |
_c8848 _d8848 |
||